000
00193 a2200097 4500
001
3704
100
_a
Pak Pub
245
_a
Pakistan:-1958-1959
260
_a
_b
Pak Pub
_c
090
_c
2959
_d
2959
942
_a
NUST-CAE
_c
M
_c
21768
999
_c
238777
_d
238777